Central Library and Information Centre
Sibsagar Girls' College, Sivasagar : Assam

STANIO SAWATTA SASAN (Record no. 11883)

MARC details
000 -LEADER
fixed length control field 00590cam a2200217ua 4500
008 - FIXED-LENGTH DATA ELEMENTS--GENERAL INFORMATION
fixed length control field 190314n II |||gr||||Z||||||asm
040 ## - CATALOGING SOURCE
Original cataloging agency MAIN
041 ## - LANGUAGE CODE
-- English
041 ## - LANGUAGE CODE
-- asm
082 ## - DEWEY DECIMAL CLASSIFICATION NUMBER
Classification number 320 DAS
245 ## - TITLE STATEMENT
Title STANIO SAWATTA SASAN
250 ## - EDITION STATEMENT
Edition statement 3RD.- 1982.
260 ## - PUBLICATION, DISTRIBUTION, ETC.
Place of publication, distribution, etc. DU:
Name of publisher, distributor, etc. CO ORDINATION COMMITTEE.
300 ## - PHYSICAL DESCRIPTION
Extent 300:
Dimensions 20CM.
500 ## - GENERAL NOTE
General note Donated by Paran Bhuyan, Melachakar, Sibsagar on 11.03.2019
700 ## - ADDED ENTRY--PERSONAL NAME
Personal name DAS, DR. MRIGENDRA NARAYAN. - AUTHOR.
700 ## - ADDED ENTRY--PERSONAL NAME
Personal name BORGOHAIN, DR. MUNINDRA NATH,
Relator term AUTHOR.
942 ## - ADDED ENTRY ELEMENTS (KOHA)
Koha item type Books
653 ## - INDEX TERM--UNCONTROLLED
Uncontrolled term Political science
Holdings
Withdrawn status Lost status Damaged status Not for loan Collection code Home library Current library Shelving location Date acquired Full call number Barcode Date last seen Copy number Price effective from Koha item type
        TBPSC Central Library and Information Centre Sibsagar Girls College Central Library and Information Centre Sibsagar Girls College Political Science Rack 11.09.1989 320 DAS 10144 27.02.2020 1 27.02.2020 Books


Sibsagar Girl's College © 2020. All rights reserved.
Powered by Koha.
Maintained by Abhijit Borpuzari.